| 000 | 01747nac a22003011u 4500 | ||
|---|---|---|---|
| 010 | _a2004030223 | ||
| 020 | _a0122386620 (alk. paper) | ||
| 035 | _a(DNLM)101236663 | ||
| 082 | 0 | 0 |
_a610.28 _bE5657 |
| 090 |
_c779 _d779 |
||
| 100 | _a20080729 | ||
| 245 | 0 | 0 |
_aIntroduction to biomedical engineering / _c[editors] John D. Enderle, Susan M. Blanchard, and Joseph D. Bronzino. |
| 250 | _a2nd ed. | ||
| 260 |
_aAmsterdam ; _aBoston : _bElsevier Academic Press,2005 _c2005. |
||
| 300 |
_axxi, 1118 p. : _bill. ; _c24 cm. |
||
| 440 | 0 | _aAcademic Press series in biomedical engineering | |
| 504 | _aIncludes bibliographical references and index. | ||
| 505 | 0 | _aBiomedical engineering: an historical perspective -- Moral and ethical issues -- Anatomy and physiology -- Biomechanics -- Rehabilitation engineering and assistive technology -- Biomaterials -- Tissue engineering -- Bioinstrumentation -- Biomedical sensors -- Biosignal processing -- Bioelectric phenomena -- Physiological modeling and compartmental analysis -- Genomics and bioinformatics -- Computational biology and complexity -- Radiation imaging -- Medical imaging -- Biomedical optics and lasers. | |
| 650 | 0 | _aBiomedical engineering. | |
| 650 | 0 | _aBiomedical Engineering. | |
| 700 | 1 |
_aEnderle, John D. _q(John Denis) |
|
| 700 | 1 |
_aBronzino, Joseph D., _d1937- |
|
| 700 | 1 | _aBlanchard, Susan M. | |
| 856 | 4 | 1 |
_3Table of contents only _uhttp://www.loc.gov/catdir/toc/ecip055/2004030223.html |
| 856 | 4 | 1 |
_3Publisher description _uhttp://www.loc.gov/catdir/enhancements/fy0617/2004030223-d.html |
| 942 |
_cBB _k610.28E5657 |
||
| 999 |
_c779 _d779 |
||